| 000 | 00537nam a2200121Ia 4500 | ||
|---|---|---|---|
| 008 | 171212s9999 xx 000 0 und d | ||
| 020 | _a9780833082503 | ||
| 100 | _aSnyder, Don;Fox, Bernard;Lynch, Kristin F.;Conley, Raymond E.;Ausink, John A. | ||
| 245 |
_cSnyder, Don;Fox, Bernard;Lynch, Kristin F.;Conley, Raymond E.;Ausink, John A. _aAssessment of the Air Force Materiel Command Reorganization _bReport for Congress |
||
| 260 |
_bRAND Corporation _c2013 |
||
| 650 | _aHistory | ||
| 856 | _uhttp://www.jstor.org/stable/10.7249/j.ctt5vjwm3 | ||
| 999 |
_c351781 _d351781 |
||